Datum a čas kvízu
27.5
Celkem bodů
Celkový počet nahraných bodů na tomto kvízu bez doplňovacích otázek.
5.
Pořadí na kvízu
Konečné umístění týmu na tomto kvízu.
Zaznamenané odpovědi
| # | Otázka | Odpověď | Body | Výsledky |
|---|---|---|---|---|
| 1. | Ve čtvrtek byl po dlouhých prů... | Petr Hladík | 0 | |
| 2. | Ruský prezident Putin uspořáda... | Sauron | 1 | |
| 3. | Ve středu se konalo historicky... | Štěpán Kozub | 1 | |
| 4. | Na internetové aukční síni eBa... | mince s portrétem krále Karla III. | 0 | |
| 5. | V noci na středu se jistý bask... | Luka Dončić | 0 | |
| 6. | V tomto tématu budete hledat d... | Dempsey a Makepeaceová | 1 | |
| 7. | Ve světě Azeroth, jak byl před... | orkové | 1 | |
| 8. | Nejvýraznějším prvkem zřícenin... | Baba a Panna | 1 | |
| 9. | Při stavbě zdi se cihlám klade... | běhouny | 1 | |
| 10. | Předloktí je tvořeno dvěma dlo... | vřetenní | 0 |